The Green Deal (Record no. 115136)

MARC details
000 -LEADER
fixed length control field 01039cad a22002055a 4500
001 - CONTROL NUMBER
control field L158095
008 - FIXED-LENGTH DATA ELEMENTS--GENERAL INFORMATION
fixed length control field 140513s2014 xxk f 000 0 eng d
035 ## - SYSTEM CONTROL NUMBER
System control number (Sirsi) u158095
041 0# - LANGUAGE CODE
Language code of text/sound track or separate title eng
110 2# - MAIN ENTRY--CORPORATE NAME
Corporate name or jurisdiction name as entry element United Kingdom
Subordinate unit Department of Energy and Climate Change
9 (RLIN) 5850
245 04 - TITLE STATEMENT
Title The Green Deal
Remainder of title guide to the Green Deal Home Improvement Fund
Medium [electronic resource]
260 ## - PUBLICATION, DISTRIBUTION, ETC.
Place of publication, distribution, etc. London
Name of publisher, distributor, etc. DECC
Date of publication, distribution, etc. 2014
520 ## - SUMMARY, ETC.
Summary, etc. From June 2014 people in England and Wales will be able to get up to £7 600 back through the Green Deal Improvement Fund. The scheme helps householders install energy efficiency measures such as solid wall insulation and new heating systems by providing them with money back on the contributions they make towards improvements.
590 ## - LOCAL NOTE (RLIN)
Local note KA
651 #4 - SUBJECT ADDED ENTRY--GEOGRAPHIC NAME
Geographic name ENGLAND AND WALES
690 ## - LOCAL SUBJECT ADDED ENTRY--TOPICAL TERM (OCLC, RLIN)
Topical term or geographic name as entry element Energy
9 (RLIN) 6237
690 ## - LOCAL SUBJECT ADDED ENTRY--TOPICAL TERM (OCLC, RLIN)
Topical term or geographic name as entry element Sustainability
9 (RLIN) 6271
856 40 - ELECTRONIC LOCATION AND ACCESS
Uniform Resource Identifier <a href="https://www.gov.uk/government/uploads/system/uploads/attachment_data/file/308780/QG12_GDHIF-web.pdf">https://www.gov.uk/government/uploads/system/uploads/attachment_data/file/308780/QG12_GDHIF-web.pdf</a>
Public note View the guide free of charge at www.gov.uk
942 ## - ADDED ENTRY ELEMENTS (KOHA)
Suppress in OPAC 0
Holdings
Withdrawn status Lost status Source of classification or shelving scheme Damaged status Not for loan Home library Current library Shelving location Date acquired Total Checkouts Full call number Barcode Date last seen Copy number Price effective from Koha item type
    Dewey Decimal Classification     Virtual Virtual Online 13/05/2014   ONLINE PUBLICATION 158095-2001 06/08/2019 1 06/08/2019 Book